| 000 | 00889nam a22002417a 4500 | ||
|---|---|---|---|
| 001 | BRCA_9369 | ||
| 003 | FranzMayer | ||
| 005 | 20230918123529.0 | ||
| 008 | 230830b |||||||| |||| 00| 0 eng d | ||
| 040 |
_aMFM _bespañol _cMFM |
||
| 050 |
_aM1262.M6 _bP56 |
||
| 100 | 1 |
_4Responsable _aPino Memije, Francis _929374 |
|
| 240 |
_aLa danza en Guerrero _lEspañol |
||
| 245 | 0 | _aLa danza en Guerrero | |
| 260 |
_aCDMX, México _bInstituto guerrense de la cultura |
||
| 300 |
_a52 p _bIlustraciones a color _c23 cm |
||
| 500 | _aAnexo 1 | ||
| 500 | _aEl libro no tiene la información completa, tal como ISBN o año de publicación | ||
| 505 | _aTexto en: españolIncluye índice temáticoDirigido a: artistas, danzantes y músicos mexicanos | ||
| 650 | 1 |
_2Música _aDanza _vArreglos musicales _929375 |
|
| 651 | 2 |
_2Danzas tradicionales _aMéxico _vGuerrero _929376 |
|
| 942 |
_2lcc _cB |
||
| 999 |
_c10991 _d10991 |
||